000 00930nam a2200277 a 4500
001 36524
003 BD-RjUL
005 20211209052511.0
008 140625s1960 enka b 000 0 eng d
035 _aBD-RjUL)36624
040 _aDLC
_cSOI
_dm.c
_dBD-RjUL
_beng
041 _aeng
082 _a301
_bOGH 1960
100 1 _aOgburn, William F.,
_d1886-1959.
_970025
245 1 2 _aA Handbook of Sociology /
_cby William F. Ogburn and Meyer F. Nimkoff
250 _a4th ed. rev.
260 _aLondon :
_bRoutledge & Kegan Paul,
_c1960.
300 _a584 p. :
_bill.;
_c22 cm
500 _aFirst published in 1940 under title: Sociology
504 _aIncludes bibliography
650 0 _aSociology
_9111205
700 1 _aNimkoff, Meyer F.
_q(Meyer Francis),
_d1904-1965.
_9104377
830 0 _aInternational library of sociology and social reconstruction (Routledge & Kegan Paul)
_9111207
942 _2ddc
_cBK
999 _c36524
_d36524